| 000 | 03468nam a2200469 i 4500 | ||
|---|---|---|---|
| 001 | 193182 | ||
| 003 | SpMaBN | ||
| 005 | 20240827063034.0 | ||
| 007 | ta | ||
| 008 | 230930s2017 sp a | |||| 001 0dspa | ||
| 017 |
_aB 17254-2013 _bOficina Depósito Legal Barcelona |
||
| 020 | _a9788408118794 | ||
| 035 | _a(OCoLC)860754513 | ||
| 035 | _aa5405588 | ||
| 040 |
_aSpMaBN _bspa _cSpMaBN _erdc _dEs-MaACL |
||
| 080 | _a929 Díez de Rivera, Carmen | ||
| 080 | _a929 Juan Carlos (460) I | ||
| 080 | _a929 Suárez González, Adolfo | ||
| 080 | _a94(460)"1975/82" | ||
| 100 | 1 |
_aRomero, Ana, _d1966- _0XX831812 _eaut _9234261 |
|
| 245 | 1 | 3 |
_aEl triángulo de la transición : _bCarmen, Suárez y el Rey / _cAna Romero |
| 250 | _aPrimera edición, tercera impresión: marzo de 2017 | ||
| 260 |
_aBarcelona : _bPlaneta, _c2017 |
||
| 300 |
_a320 páginas, [24] páginas de láminas (color y negro) ; _c24 cm |
||
| 336 |
_aTexto (visual) _2isbdcontent |
||
| 337 |
_asin mediación _2isbdmedia |
||
| 338 |
_2rdacarrier _avolumen |
||
| 500 | _a Índice alfabético | ||
| 505 | _aBibliografía: páginas [303]-305 | ||
| 520 | _aEn 1999, la periodista Ana Romero entrevistó a Carmen Díez de Rivera, una eurodiputada del PSOE rodeada de un halo de misterio. Carmen, conocida como la Musa de la Transición, quiso contar su historia antes de morir de cáncer, ese mismo año, a los 57 años. Catorce años después, Planeta reedita las memorias de esta hermosa mujer, una mente política avanzada con visión premonitoria: «La política no puede ser una profesión permanente o una renta vitalicia. Creo que hay que estar siempre en transición. Desgraciadamente, la clase política y la periodística en España están convencidas de que ya lo hicieron. Se equivocan». Amiga personal del Rey Juan Carlos desde que éste era príncipe de España, fue la mano derecha de Adolfo Suárez como su jefa de gabinete en el segundo gobierno de la monarquía. El triángulo formado por Carmen, Suárez y el Rey empezó a construirse en 1969 y se cimentó durante los diez meses del último ejecutivo predemocrático de España, entre el 13 de julio de 1976 y el 13 de mayo de 1977. Luego se desmontó. Las maledicencias de la época la persiguieron de por vida. Por su estrecha relación con Suárez y con el Rey, dos jóvenes apuestos y amantes ambos de las mujeres. También por su desgarradora historia personal: hija ilegítima de Ramón Serrano Suñer y de la marquesa de Llanzol, a los 17 años se enamoró de su hermano sin conocer su parentesco y quiso casarse con él. A partir de ahí dedicó su existencia a buscar una felicidad que se le resistía: monja de clausura, misionera en África, agnóstica, roja peligrosa, pija resentida, profundamente religiosa, incomprendida. | ||
| 600 | 1 | 4 |
_aDíez de Rivera, Carmen, _d1942-1999 _2embne _9234277 |
| 600 | 1 | 4 |
_aSuárez, Adolfo, _d1932-2014 _9164828 |
| 600 | 0 | 4 |
_aJuan Carlos _bI, _cRey de España _967108 |
| 651 | 7 |
_aEspaña- _xHistoria- _y1975-1982, Transición _9149272 |
|
| 852 |
_aEs-MaACL _9200558 _bR.154587 _jN-9346 _cDEPOJ _xEncuadernación cartoné con sobrecubiertas (incluye faja) _hDonación: Ana Romero |
||
| 903 |
_aRomero, Ana, _d1966- _ednr _9234261 |
||
| 942 |
_n0 _cMONOGRAFIA |
||
| 999 |
_c193182 _d193182 |
||